| 000 | 01149cam a2200205 4500 | ||
|---|---|---|---|
| 001 | ##L136019 | ||
| 008 | 070103n2006 000 0 eng u | ||
| 035 | _a(Sirsi) u136019 | ||
| 041 | 0 | _aeng | |
| 050 | 0 | 4 | _a344.410465 $2 18 |
| 110 | 1 |
_aGreat Britain _bHealth and Safety Commission |
|
| 245 | 0 | 0 |
_aMeasuring up _bperformance report 2006 |
| 260 |
_aSudbury _bHSE _c2006 |
||
| 520 | _aOutlines the activities, initiatives and campaigns carried out by HSE and local authorities that have helped Great Britain achieve the lowest fatal injury rate in Europe. Reveals that improvements made in the construction industry since 1999 have saved the lives of at least 80 people, although in the same period 535 workers died from mostly unavoidable injuries. There is now a commitment to change, with campaigns such as Watch Your Step, introduced to improve site conditions and reduce the risk of slips and trips. | ||
| 590 | _aKA | ||
| 651 | 4 | _aGREAT BRITAIN | |
| 690 | _aMANAGEMENT-HEALTH AND SAFETY | ||
| 856 | 4 | 0 |
_uhttps://www.hse.gov.uk/aboutus/reports/performance/performance2006.pdf _zView the item free of charge at www.hse.gov.uk |
| 942 | _n0 | ||
| 999 |
_c106289 _d106289 |
||